LEADER 01465nam0-22003011i-450 001 990005288080403321 005 20180315103112.0 035 $a000528808 035 $aFED01000528808 100 $a19990530e19651524 1m-yy 50 ba--ba 101 0 $alat 102 $aDE 105 $ay-------001yy 200 1 $aPsalterium decem cordarum Abbatis Joachim : in quo de summa trinitate eiusque distinctione perpulchre indagatur, de numero psalmorum et eorum archanis ac mysticis sensibus, de psalmodia, de modo et usu psallendi simul et psallentiue Psalterium decem cordarum abbatis Joachi. In quo de summa trinitate eius...$fJoachim von Fiore 205 $aRiproduzione anastatica 210 $aFrankfurt, a. M.$cMinerva$d1965 215 $aP. 226-280$d21 cm 324 $aRipr. facs. dell'ed.: Venetijs, Bindoni et Pasyni, 1527 610 0 $aTrinità$aTeologia cattolica 676 $a231.044$v22$zita 700 0$aIoachim de Flore$f$0389070 801 0$aIT$bUNINA$gRICA$2UNIMARC 901 $aBK 912 $a990005288080403321 952 $a230.092 GIO 9$bST.REL. 204$fFLFBC 959 $aFLFBC 996 $aPsalterium decem cordarum Abbatis Joachim : in quo de summa trinitate eiusque distinctione perpulchre indagatur, de numero psalmorum et eorum archanis ac mysticis sensibus, de psalmodia, de modo et usu psallendi simul et psallentiue Psalterium decem cordarum abbatis Joachi. In quo de summa trinitate eius..$91506603 997 $aUNINA LEADER 01604nam0 22003013i 450 001 SUN0082970 005 20160210101924.511 010 $a88-324-8681-4 100 $a20110329d1995 |0itac50 ba 101 $aita 102 $aIT 105 $a|||| ||||| 200 1 $aInquinamenti ambientali$elegislazione italiana e Cee, giurisprudenza aggiornata, depenalizzazioni singole: autorità preposte, sanzioni, circolari e direttive ministeriali$fSandra, Lionella e Lionello Rizzatti 205 $a11. ed 210 $aMilano$cPirola$d1995 215 $aXIX, 1411 p.$d24 cm. - Segue: indice cronologico delle leggi. 676 $a363.72$cIgiene pubblica. Igiene ambientale$v22 700 1$aRizzatti$b, Sandra$3SUNV068635$019822 701 1$aRizzatti$b, Lionello$3SUNV068636$015969 702 1$aRizzatti$b, Lionella$3SUNV068637 801 $aIT$bSOL$c20181109$gRICA 912 $aSUN0082970 950 $aUFFICIO DI BIBLIOTECA DEL DIPARTIMENTO DI SCIENZE E TECNOLOGIE AMBIENTALI BIOLOGICHE E FARMACEUTICHE$d17 CONS Ob58 $e17 DSV36 950 $aUFFICIO DI BIBLIOTECA DEL DIPARTIMENTO DI GIURISPRUDENZA$d00 CONS IV.Er.275 $e00 DGE167 995 $aUFFICIO DI BIBLIOTECA DEL DIPARTIMENTO DI SCIENZE E TECNOLOGIE AMBIENTALI BIOLOGICHE E FARMACEUTICHE$bIT-CE0101$gDSV$h36$kCONS Ob58$oc$qa 995 $aUFFICIO DI BIBLIOTECA DEL DIPARTIMENTO DI GIURISPRUDENZA$gDGE$h167$kCONS IV.Er.275$op$qa 996 $aInquinamenti ambientali$9134852 997 $aUNICAMPANIA